000 00445nam a2200193Ia 4500
008 101110s9999 xx 000 0 und d
041 _aENGLISH
082 _bSR14261
_a330
100 _aNaik S.P.
245 _aLectures in Economics
365 _b30
520 _aEconomics
546 _aENGLISH
630 _aLectures in Economics
650 _aEconomics
655 _aEconomics
730 _aLectures in Economics
942 _cBOOK
999 _c808352
_d808349